Loading...
| Science - Physics | 0 | 9 | 0 | 1 | 90 | 19 | 59.56 | 3 | 3 | 40.02 | 51.11 |
| Science - Chemistry | 0 | 6 | 0 | 0 | 60 | 44 | 67.67 | 0 | 3 | 18.37 | 38.89 |
| History - American | 0 | 5 | 0 | 2 | 50 | 25 | 80.60 | 1 | 3 | 14.29 | 26.67 |
| History - European | 0 | 5 | 0 | 0 | 50 | 24 | 62.40 | 1 | 2 | 20.52 | 28.89 |
| Science - Biology | 0 | 5 | 1 | 1 | 45 | 49 | 72.60 | 0 | 2 | 13.02 | 23.33 |
| Current Events | 0 | 4 | 0 | 1 | 40 | 44 | 75.50 | 0 | 2 | 24.33 | 48.89 |
| Science - Other | 0 | 4 | 1 | 1 | 35 | 46 | 71.00 | 0 | 1 | 15.79 | 20.00 |
| History - Other | 0 | 3 | 1 | 0 | 25 | 14 | 60.33 | 1 | 1 | 13.60 | 16.67 |
| History - World | 0 | 2 | 1 | 0 | 15 | 25 | 50.50 | 0 | 1 | 10.57 | 8.89 |
| Social Science | 0 | 1 | 0 | 0 | 10 | 77 | 77.00 | 0 | 0 | 4.55 | 7.94 |
| Literature - World | 0 | 1 | 0 | 0 | 10 | 22 | 22.00 | 0 | 1 | 8.27 | 8.89 |
| Popular Culture | 0 | 1 | 0 | 0 | 10 | 32 | 32.00 | 0 | 1 | 14.18 | 17.78 |
| Religion | 0 | 1 | 0 | 0 | 10 | 119 | 119.00 | 0 | 0 | 0.00 | 1.11 |